<?xml version="1.0" encoding="UTF-8"?>
<marc:record xmlns:marc="http://www.loc.gov/MARC21/slim">
   <marc:leader>00000nam a2200000 a 4500</marc:leader>
   <marc:datafield ind1="1" ind2=" " tag="100">
      <marc:subfield code="a">Hjorth, Michael</marc:subfield>
      <marc:subfield code="4">aut</marc:subfield>
      <marc:subfield code="e">Verfasser/-in</marc:subfield>
   </marc:datafield>
   <marc:datafield ind1="1" ind2=" " tag="100">
      <marc:subfield code="a">Rosenfeldt, Hans</marc:subfield>
      <marc:subfield code="4">aut</marc:subfield>
      <marc:subfield code="e">Verfasser/-in</marc:subfield>
   </marc:datafield>
   <marc:datafield ind1=" " ind2=" " tag="653">
      <marc:subfield code="a">Fiktionale Darstellung</marc:subfield>
   </marc:datafield>
   <marc:datafield ind1=" " ind2=" " tag="653">
      <marc:subfield code="a">Krimis, Thriller, Spionage</marc:subfield>
   </marc:datafield>
   <marc:datafield ind1="0" ind2="0" tag="245">
      <marc:subfield code="a">Die Menschen, die es nicht verdienen</marc:subfield>
   </marc:datafield>
   <marc:datafield ind1="0" ind2="0" tag="245">
      <marc:subfield code="b">ein Fall für Sebastian Bergman ; Kriminalroman</marc:subfield>
   </marc:datafield>
   <marc:datafield ind1="0" ind2="0" tag="245">
      <marc:subfield code="c">Hjorth, Michael</marc:subfield>
   </marc:datafield>
   <marc:datafield ind1=" " ind2="1" tag="264">
      <marc:subfield code="a">[Reinbek bei Hamburg]</marc:subfield>
      <marc:subfield code="b">Wunderlich</marc:subfield>
   </marc:datafield>
   <marc:datafield ind1=" " ind2=" " tag="250">
      <marc:subfield code="a">1. Auflage</marc:subfield>
   </marc:datafield>
   <marc:datafield ind1="1" ind2=" " tag="520">
      <marc:subfield code="a">Er ist hochintelligent. Er liebt die Herausforderung. Aber reicht das aus, um Leben zu retten?&#xD;
&#xD;
Gerade noch hatte Mirre den Erfolg vor Augen, jetzt ist der Star einer Dokusoap tot. Hingerichtet, mit einem Bolzenschuss in den Kopf. Seine Leiche findet man in einem Klassenzimmer, an einen Stuhl gefesselt, einen Fragebogen auf den Rücken geheftet. Mirres Leistung: mangelhaft. Er hat nicht bestanden. Und sein Tod ist nur der Anfang.&#xD;
&#xD;
Während Kommissar Höglund und sein Team von der Reichsmordkommission nach Spuren in Mirres Umfeld suchen, stößt Kriminalpsychologe Sebastian Bergman auf eine andere Fährte. Jemand spottet über die fehlende Bildung von Menschen, die im Rampenlicht stehen. Die Vorbildfunktion haben sollten, aber keine Vorbilder sind. Die ihren Erfolg nicht verdienen.&#xD;
Sebastian will den Mörder aus der Reserve locken und ihn mit seinen eigenen Mitteln schlagen. Ein tödlicher Fehler...&#xD;
&#xD;
Platz 2 der Spiegel-Bestsellerliste</marc:subfield>
   </marc:datafield>
   <marc:datafield ind1=" " ind2=" " tag="020">
      <marc:subfield code="a">9783805250870</marc:subfield>
      <marc:subfield code="9">9783805250870</marc:subfield>
   </marc:datafield>
   <marc:datafield ind1=" " ind2=" " tag="020">
      <marc:subfield code="a">3805250878</marc:subfield>
      <marc:subfield code="9">3805250878</marc:subfield>
   </marc:datafield>
   <marc:datafield ind1=" " ind2=" " tag="041">
      <marc:subfield code="a">ger</marc:subfield>
   </marc:datafield>
   <marc:datafield ind1=" " ind2=" " tag="338">
      <marc:subfield code="a">Band</marc:subfield>
   </marc:datafield>
   <marc:datafield ind1=" " ind2=" " tag="300">
      <marc:subfield code="a">537 Seiten</marc:subfield>
   </marc:datafield>
</marc:record>
